000 01869cam a2200301 4500500
005 20260301003453.0
041 _afre
042 _adc
100 1 0 _aJésu, Frédéric
_eauthor
700 1 0 _aAouane, Patricia
_eauthor
700 1 0 _aBernier, Catherine
_eauthor
700 1 0 _aChiha, Rachid
_eauthor
700 1 0 _aCorel, Yolande
_eauthor
700 1 0 _aLambert, Roland
_eauthor
700 1 0 _aRaoul, Rachida
_eauthor
700 1 0 _aTesson, Martine
_eauthor
245 0 0 _aExercer le métier d'assistant(e) maternel(le) à la crèche familiale préventive « Enfant Présent »
260 _c2005.
500 _a17
520 _aExercer le métier d’assistant(e) maternel(le) dans le cadre spécifique d’une crèche familiale préventive à gestion associative requiert, outre des compétences « techniques » avérées, une disponibilité et un « savoir-être » bien particuliers, sur lesquels repose une large part de la qualité du service personnalisé rendu aux familles qui s’y adressent. L’ensemble de ces aptitudes se manifeste aux niveaux certes de l’accueil des enfants, mais aussi des relations intenses et complexes établies avec les parents et de l’organisation, nécessairement très minutieuse, du travail en équipe. Il importe aujourd’hui de consolider et de diffuser les expériences acquises dans ce contexte par les assistant(e)s maternel(le)s de façon à en enrichir les pratiques déployées dans le champ de l’action socio-éducative et des politiques familiales.
690 _aAssistant(e) maternel(le)
690 _acrèche familiale
690 _aéducative
690 _aprévention socio
690 _asoutien à la parentalité
786 0 _nDialogue | 167 | 1 | 2005-03-01 | p. 77-88 | 0242-8962
856 4 1 _uhttps://shs.cairn.info/revue-dialogue-2005-1-page-77?lang=fr&redirect-ssocas=7080
999 _c1676059
_d1676059